US National Parks by Landmark - Statistics

General Stats
  • This quiz has been taken 374 times
  • The average score is 16 of 20
Answer Stats
Landmark National Park % Correct
Old Faithful Geyser Yellowstone
99%
Half Dome, El Capitan Yosemite
98%
Delicate Arch Arches
93%
Mt. McKinley Denali
93%
Appalachian Trail Shenandoah/Great Smoky Mountains
88%
Mauna Loa Hawaii Volcanoes
87%
South Rim Viewpoints Grand Canyon
85%
Jackson Hole Valley Grand Teton
83%
Teddy Roosevelt's Cabin Theodore Roosevelt
83%
Mount Olympus Olympic
82%
Gateway to the West Gateway Arch
80%
General Sherman Tree Sequoia
80%
Angel's Landing Zion
77%
Santa Cruz Island Channel Islands
75%
Longs Peak Rocky Mountain
68%
Mount Desert Island Acadia
63%
Cliff Palace Mesa Verde
59%
Fort Jefferson Dry Tortugas
58%
Sailing Stones Death Valley
55%
Harding Ice Field Kenai Fjords
47%
No matching quizzes found
Score Distribution
Percent of People with Each Score
Percentile by Number Answered
Your Score History
You have not taken this quiz